Koło kwintowe - Statystyki

Ogólne statystyki
  • Ten quiz został rozwiązany 29 razy
  • Średni wynik to 7 z 12
Statystyki odpowiedzi
Hint Odpowiedź % Poprawnych
2b Bg
82%
4k Ecis
76%
1b Fd
71%
3k Afis
65%
4b Asf
59%
1k Ge
59%
5k Hgis
59%
3b Esc
53%
6b Geses
53%
5b Desb
41%
2k Dh
41%
6k Fisdis
35%
Nie znaleziono quizów pasujących do podanych kryteriów
Rozkład punktacji
Procent ludzi z każdym wynikiem
Percentyl według liczby udzielonych odpowiedzi
Twoja historia wyników
Nie rozwiązałeś tego quizu